Missing Word: Generals A-Z Quiz Stats

Quiz Updated Sep 7, 2016

Challenge
Share
Tweet
Embed
Score 0/26 Timer 05:00
1 Play Today
Name & Country/Entity Answer % Correct
Fidel ______, CubaCastro
97.5%
______ D. Eisenhower, USADwight
95.7%
______ Caesar, RomeJulius
94.9%
______ Bonaparte, FranceNapoleon
94.7%
Genghis ______ , MongoliaKhan
94.4%
______ E. Lee, Confederate StatesRobert
90.4%
______ , the Great, MacedonAlexander
88.9%
______ Grant, USAUlysses
87.9%
George S. ______ , USAPatton
86.2%
______ Cromwell, EnglandOliver
85.9%
Zachary ______, USATaylor
79.8%
Simón ______ (several)Bolívar
78.4%
Pancho ______ , MexicoVilla
78.2%
Name & Country/Entity Answer % Correct
______ Rommel , GermanyErwin
68.6%
______ IV of MuscovyIvan
65.8%
The Duke of ______, Great BritainWellington
65.5%
______ I, PersiaXerxes
64.7%
______ the Great, PrussiaFrederick
63.8%
Bai ______ , Qin DynastyQi
49.6%
______ Barca, CarthageHannibal
49.5%
William ______, USASherman
47.3%
Bernard ______ , UKMontgomery
46.6%
The Marquis de ______, FranceLafayette
41.7%
______ Adolphus, SwedenGustavus
41.4%
Georgy ______ , USSRZhukov
32.5%
Tomoyuki ______ , JapanYamashita
21.7%

Today's Daily Dose

You're not logged in!

Compare scores with friends on all Sporcle quizzes.
Sign Up with Email
OR
Log In

You Might Also Like...

Show Comments

Extras

Top Quizzes Today


Score Distribution

Your Account Isn't Verified!

In order to create a playlist on Sporcle, you need to verify the email address you used during registration. Go to your Sporcle Settings to finish the process.